| 000 | 00707nam a22002177a 4500 | ||
|---|---|---|---|
| 003 | 0 | ||
| 005 | 20250103134000.0 | ||
| 008 | 250103b xxu||||| |||| 00| 0 eng d | ||
| 020 | _a9781647285975 | ||
| 050 |
_aQA 273 _b.F85 2024 |
||
| 100 |
_aFuller, Michael _eauthor. |
||
| 245 |
_aProbability and statistics for science and engineering / _cMichael Fuller. |
||
| 260 |
_aForest Hills, NY : _bWillford Press, _c2024. |
||
| 300 |
_aviii, 246 p. : _bcol. ill. ; _c27 cm. |
||
| 440 | _aKnowledge series. | ||
| 504 | _aIncludes bibliographical references and index. | ||
| 650 | _aProbabilities. | ||
| 650 |
_aScience _vStatistical methods. |
||
| 650 |
_aEngineering _vStatistical methods. |
||
| 942 |
_2lcc _cBK |
||
| 999 |
_c366866 _d366866 |
||